| 000 | 01162cam a2200325 i 4500 | ||
|---|---|---|---|
| 001 | 40570 | ||
| 003 | Mx-PuUPA | ||
| 005 | 20221010112118.0 | ||
| 008 | 140415s1935 sp ab gr 001 0 spa d | ||
| 040 |
_aMx-PuUPA _bspa _cMx-PuUPA _dMx-PuUPA _erda |
||
| 041 | 1 |
_aspa _hund |
|
| 100 | 1 |
_aOrsi, Pietro, _eautor _d1863-1943 _913353 _cConte, |
|
| 245 | 1 | 0 |
_aHistoria de Italia / _cPietro Orsi ; traducción de Juan Moneva y Puyol |
| 250 |
_aSegunda edición / _brevisada |
||
| 264 | 1 |
_aBarcelona _bEditorial Labor, _c1935 |
|
| 300 |
_a397 páginas, xvi páginas de laminas : _bilustraciones, mapas ; _c19 cm |
||
| 336 |
_2rdacontent _atexto _btxt |
||
| 336 |
_2rdacontent _aimagen fija _bsti |
||
| 337 |
_2rdamedia _asin medio _bn |
||
| 338 |
_2rdacarrier _avolumen _bnc |
||
| 490 | 0 | _aColección labor | |
| 490 | 0 |
_aBiblioteca de iniciación cultural ; _vSección VI |
|
| 490 | 0 |
_aCiencias históricas ; _v110-111 |
|
| 651 | 4 |
_aItalia _xHistoria |
|
| 700 | 1 |
_aMoneva y Puyol, Juan, _etraducción |
|
| 942 |
_2ddc _cLI _h937 _iO76 |
||
| 999 |
_c40570 _d40570 |
||